Cuajiniquil /
Na minha lista:
| Autor principal: | |
|---|---|
| Formato: | Desconhecido |
| Idioma: | Spanish |
| Publicado em: |
San José, Costa Rica:
Gutenberg,
1975.
|
| Edição: | 1 edición |
| Assuntos: | |
| Tags: |
Adicionar Tag
Sem tags, seja o primeiro a adicionar uma tag!
|
MARC
| LEADER | 000000000a22000000004500 | ||
|---|---|---|---|
| 001 | 000898 | ||
| 008 | 200206b xxu||||| |||| 00| 0 spa d | ||
| 041 | 0 | |a Español | |
| 082 | |a CR861.4 |b D121c | ||
| 100 | 1 | |a Dada, Rodolfo, 1952- | |
| 245 | 1 | 0 | |a Cuajiniquil / |
| 250 | |a 1 edición | ||
| 260 | 1 | |a San José, Costa Rica: |b Gutenberg, |c 1975. | |
| 300 | |a 54 páginas | ||
| 500 | |a "Portada: Edgar Céspedes Ruiz. Fotografía: Alberto Sobrado Chaves. Primera edición: 1500 ejemplares marzo de 1975". | ||
| 650 | 4 | |a LITERATURA COSTARRICENSE |9 76 | |
| 650 | 4 | |a POESIA |9 159 | |
| 942 | |2 ddc |c BK | ||
| 999 | |c 1671 |d 1671 | ||
